000 00635nam a22002171a 4500
001 8428849
005 20140128020003.0
008 770707s1959 xx 000 0 eng
010 _a60043827
_a60043827
035 _a(OCoLC)3097766
040 _aDLC
_cMeU-P
_dMeU-P
_dOCoLC
_dDLC
050 0 0 _aPZ4.A468
_bOn
100 1 _aAluko, T M,
_d1918-
245 1 0 _aOne man, one wife.
260 _aLagos :
_bNigerian Print. & Pub. C,
_c[1959]
300 _a200 p. 19 cm.
906 _a7
_bcbc
_coclcrpl
_du
_encip
_f19
_gy-gencatlg
985 _eOCLC REPLACEMENT
991 _bc-GenColl
_hPZ4.A468
_iOn
_p00022754385
_tCopy 1
_wOCLCREP
942 0 0 _01
999 _c42658
_d42634